[Event "IND-ch 30th"]
[Site "Calicut"]
[Date "2003.12.12"]
[Round "12"]
[White "Sandipan, Chanda"]
[Black "Srinivasa Rao, M."]
[Result "1-0"]
[WhiteElo "2504"]
[BlackElo "2329"]
[PlyCount "91"]
[EventDate "2003.12.04"]
[EventType "tourn"]
[EventRounds "23"]
[EventCountry "IND"]
[EventCategory "8"]
[SourceTitle "CBM 097 Extra"]
[Source "ChessBase"]
[SourceDate "2004.01.13"]
[SourceVersion "1"]
[SourceVersionDate "2004.01.13"]
[SourceQuality "1"]

1. e4 c5 2. Nf3 d6 3. d4 cxd4 4. Nxd4 Nf6 5. Nc3 a6 6. Be3 Ng4 7. Bc1 Nf6 8. f3 e5 9. Nb3 Be6 10. Be3 Nbd7 11. g4 b5 12. g5 b4 13. Nd5 Nxd5 14. exd5 Bf5 15. Bd3 Bxd3 16. Qxd3 Be7 17. h4 a5 18. Nd2 0-0 19. Ne4 a4 20. 0-0-0 Qc7 21. Kb1 Rfc8 22. Rc1 Qb7 23. h5 Ra5 24. c4 bxc3 25. Nxc3 Nb6 26. Bxb6 Qxb6 27. g6 a3 28. b3 Rac5 29. gxf7+ Kxf7 30. Rc2 Bf6 31. Rhc1 Kg8 32. Qf5 e4 33. fxe4 Qc7 34. e5 Bxe5 35. Nb5 Rxc2 36. Rxc2 Qxc2+ 37. Qxc2 Rxc2 38. Kxc2 Kf7 39. Nxa3 g5 40. hxg6+ Kxg6 41. Kd3 h5 42. Nc4 h4 43. Ke4 h3 44. Kf3 h2 45. Kg2 Kf5 46. Nxe5 1-0

[Event "IND-ch 30th"]
[Site "Calicut"]
[Date "2003.12.10"]
[Round "11"]
[White "Srinivasa Rao, M."]
[Black "Barua, Dibyendu"]
[Result "0-1"]
[WhiteElo "2329"]
[BlackElo "2528"]
[PlyCount "68"]
[EventDate "2003.12.04"]
[EventType "tourn"]
[EventRounds "23"]
[EventCountry "IND"]
[EventCategory "8"]
[SourceTitle "CBM 097 Extra"]
[Source "ChessBase"]
[SourceDate "2004.01.13"]
[SourceVersion "1"]
[SourceVersionDate "2004.01.13"]
[SourceQuality "1"]

1. Nf3 d5 2. g3 c6 3. Bg2 Bf5 4. 0-0 Nf6 5. d3 h6 6. Nbd2 Nbd7 7. b3 e6 8. Bb2 Bc5 9. Qe1 0-0 10. e4 Bh7 11. Ne5 Nxe5 12. Bxe5 a5 13. a3 Qe7 14. Bb2 Rfd8 15. h3 dxe4 16. Nxe4 Bxe4 17. Bxe4 Bd4 18. Bxd4 Rxd4 19. Qc3 c5 20. Rfe1 g6 21. Bg2 Ra7 22. b4 b6 23. bxc5 Qxc5 24. Qb2 Rc7 25. Reb1 Nd7 26. Bf1 h5 27. c4 h4 28. Kh2 Qd6 29. Ra2 Rc5 30. Qe2 Re5 31. Qd2 Rf5 32. Qe3 Ne5 33. Bg2 Nxd3 34. Rd2 Rxf2 0-1

[Event "IND-ch 30th"]
[Site "Calicut"]
[Date "2003.12.06"]
[Round "5"]
[White "Srinivasa Rao, M."]
[Black "Hariharan, Venkatachalam"]
[Result "1-0"]
[WhiteElo "2329"]
[BlackElo "2245"]
[PlyCount "144"]
[EventDate "2003.12.04"]
[EventType "tourn"]
[EventRounds "23"]
[EventCountry "IND"]
[EventCategory "8"]
[SourceTitle "CBM 097 Extra"]
[Source "ChessBase"]
[SourceDate "2004.01.13"]
[SourceVersion "1"]
[SourceVersionDate "2004.01.13"]
[SourceQuality "1"]

1. Nf3 Nf6 2. c4 e6 3. g3 d5 4. Bg2 Be7 5. 0-0 0-0 6. d4 dxc4 7. Qc2 a6 8. Qxc4 b5 9. Qc2 Bb7 10. Bg5 Nbd7 11. Bxf6 Nxf6 12. Nbd2 Rc8 13. Nb3 Be4 14. Qc1 Qd5 15. Rd1 Qa8 16. Nc5 Bd5 17. Ne1 Bxg2 18. Nxg2 Bxc5 19. Qxc5 Rfd8 20. Rac1 Qe4 21. e3 Qf3 22. Ne1 Qe2 23. Qc2 Qh5 24. Kg2 e5 25. dxe5 Rxd1 26. Rxd1 Qxe5 27. Nf3 Qe6 28. b4 h6 29. a3 Qe7 30. Qc6 Qe6 31. Rc1 Qa2 32. Rc3 Re8 33. Nd4 Qd5+ 34. Qxd5 Nxd5 35. Rc5 Rd8 36. Rc6 Rd6 37. Rxd6 cxd6 38. Nf5 Nc3 39. Nxd6 Nb1 40. Nb7 Nxa3 41. Nc5 Kf8 42. Nxa6 Ke7 43. Kf3 Kd6 44. Ke4 Nc2 45. Kd3 Ne1+ 46. Ke2 Nc2 47. Kd2 Na3 48. e4 Nc4+ 49. Kc3 Ke5 50. f3 g5 51. Nc5 Ne3 52. Nd3+ Kd6 53. Kd2 Nc4+ 54. Ke2 f6 55. h3 Ke6 56. f4 Nd6 57. Nc5+ Ke7 58. Kd3 Nc4 59. Nb3 gxf4 60. gxf4 Ke8 61. Nd4 Nd6 62. e5 fxe5 63. fxe5 Nc4 64. Ke4 Na3 65. Kf5 Ke7 66. h4 Nc4 67. Nxb5 Ne3+ 68. Ke4 Nc2 69. Nc3 Nxb4 70. Nd5+ Nxd5 71. Kxd5 h5 72. e6 Ke8 1-0